| 000 | 00574 a2200181 4500 | ||
|---|---|---|---|
| 005 | 20240518103625.0 | ||
| 008 | 240518b |||||||| |||| 00| 0 eng d | ||
| 020 | _a9789392837654 | ||
| 041 | _aEnglish | ||
| 080 |
_a(079.1):62 _bGAR/S R |
||
| 100 | _aGarg,Vinit;ed.by | ||
| 245 | _aGeneral engineering for RRB, NHPC, IOL, DMRC, ONGC, SAIL, GAIL, UPCL and other public sector examinations | ||
| 260 |
_aHaryana _bG. K. Publications _c2022 |
||
| 300 | _aVarious Pagination | ||
| 653 | _aCompetitive examination guide | ||
| 653 | _aGeneral engineering | ||
| 942 | _cREF | ||
| 999 |
_c113704 _d113703 |
||